000 00297nam a22001337a 4500
008 171016b xxu||||| |||| 00| 0 eng d
020 _a9780673980595
041 _aeng
080 _29 ED
_a33
100 _a52
101 _aECO
245 _aECONOMICS TODAY
_cPULSINELLI.R.W
942 _2udc
_cBK
999 _c34071
_d34071